[Event "Mittelfranken-chTB2a 1819"]
[Site "Mittelfranken"]
[Date "2019.03.03"]
[Round "6.4"]
[White "Koerber, Thomas"]
[Black "Ackermann, Klaus"]
[Result "1/2-1/2"]
[WhiteElo "1811"]
[BlackElo "1810"]
[PlyCount "113"]
[EventDate "2018.10.14"]
[EventType "team-tourn"]
[EventRounds "9"]
[EventCountry "GER"]
[SourceTitle "EXT 2022"]
[Source "ChessBase"]
[SourceDate "2021.10.06"]
[SourceVersion "1"]
[SourceVersionDate "2021.10.06"]
[SourceQuality "1"]
[WhiteTeam "Nuernberg Sued SW IV"]
[BlackTeam "Bubenreuth"]
[WhiteTeamCountry "GER"]
[BlackTeamCountry "GER"]

1. d4 d5 2. Nf3 Nf6 3. e3 e6 4. Bd3 c5 5. b3 cxd4 6. exd4 Bd6 7. 0-0 Nbd7 8. Bb2 0-0 9. Nbd2 Re8 10. Ne5 Qc7 11. Qe2 Nf8 12. Rac1 Qe7 13. Rfe1 Bd7 14. c4 Ba3 15. Ndf3 Bxb2 16. Qxb2 h6 17. c5 a5 18. a3 Bc6 19. b4 axb4 20. axb4 Rec8 21. b5 Be8 22. Ra1 Qd8 23. h3 Rxa1 24. Rxa1 Ra8 25. Ra3 Ne4 26. Qa2 Rxa3 27. Qxa3 f6 28. Ng4 Ng6 29. Qa7 Qc8 30. c6 bxc6 31. b6 Nd6 32. Ba6 Qd7 33. b7 Nxb7 34. Qxb7 Qxb7 35. Bxb7 Kf7 36. g3 Ke7 37. Kf1 Kd6 38. Ke2 c5 39. dxc5+ Kxc5 40. Ba6 e5 41. Ne3 Bd7 42. Ng1 Be6 43. Kd2 Ne7 44. h4 d4 45. Nd1 e4 46. Ne2 g5 47. hxg5 hxg5 48. Nc1 f5 49. Bb7 Kb6 50. Ba8 Ka7 51. Bxe4 fxe4 52. Ne2 Nc6 53. Nxd4 Nxd4 54. Ke3 Nb5 55. Kxe4 Kb6 56. f4 gxf4 57. gxf4 1/2-1/2

[Event "Mittelfranken-chTB2a 1819"]
[Site "Mittelfranken"]
[Date "2018.12.02"]
[Round "3.3"]
[White "Koerber, Thomas"]
[Black "Fischer, Gerd"]
[Result "1/2-1/2"]
[WhiteElo "1811"]
[BlackElo "1956"]
[PlyCount "87"]
[EventDate "2018.10.14"]
[EventType "team-tourn"]
[EventRounds "9"]
[EventCountry "GER"]
[SourceTitle "EXT 2022"]
[Source "ChessBase"]
[SourceDate "2021.10.06"]
[SourceVersion "1"]
[SourceVersionDate "2021.10.06"]
[SourceQuality "1"]
[WhiteTeam "Nuernberg Sued SW IV"]
[BlackTeam "Ansbach/Bad Windsheim"]
[WhiteTeamCountry "GER"]
[BlackTeamCountry "GER"]

1. d4 d5 2. Nf3 Nf6 3. e3 Bf5 4. c4 c6 5. Nc3 e6 6. Bd3 Bxd3 7. Qxd3 Nbd7 8. 0-0 Bd6 9. e4 dxe4 10. Nxe4 Nxe4 11. Qxe4 Nf6 12. Qe2 0-0 13. Bg5 h6 14. Bh4 g5 15. Bg3 Nh5 16. Bxd6 Qxd6 17. Rad1 Nf4 18. Qe4 Rad8 19. Rd2 Rfe8 20. Rfd1 f5 21. Qe3 Ng6 22. h4 Kg7 23. hxg5 Rh8 24. Ne5 Qe7 25. Re1 Rde8 26. Rde2 Nf8 27. Nf3 hxg5 28. Qxg5+ Qxg5 29. Nxg5 Rh4 30. Nf3 Rg4 31. b3 Rd8 32. Rd2 Kf6 33. Red1 Ng6 34. Ne5 Re4 35. f3 Rh4 36. Nxg6 Kxg6 37. d5 cxd5 38. cxd5 e5 39. Rc1 Rd7 40. Rc8 Rd4 41. Re2 R4xd5 42. Re8 Kf6 43. Rf8+ Ke6 44. Re8+ 1/2-1/2

[Event "Mittelfranken-chTB2a 1617"]
[Site "Mittelfranken"]
[Date "2016.11.13"]
[Round "2.3"]
[White "Koerber, Thomas"]
[Black "Walter, Stefan"]
[Result "0-1"]
[WhiteElo "1762"]
[BlackElo "1805"]
[PlyCount "78"]
[EventDate "2016.10.23"]
[EventType "team-tourn"]
[EventRounds "9"]
[EventCountry "GER"]
[SourceTitle "EXT 2022"]
[Source "ChessBase"]
[SourceDate "2021.10.06"]
[SourceVersion "1"]
[SourceVersionDate "2021.10.06"]
[SourceQuality "1"]
[WhiteTeam "Nuernberg Sued SW IV"]
[BlackTeam "Fuerth SG"]
[WhiteTeamCountry "GER"]
[BlackTeamCountry "GER"]

1. d4 Nf6 2. Nf3 e6 3. e3 d5 4. Bd3 c5 5. b3 b6 6. 0-0 Bb7 7. Bb2 Bd6 8. Nbd2 0-0 9. Ne5 Nbd7 10. f4 Ne4 11. Qe2 Rc8 12. c4 f5 13. Rac1 Ndf6 14. Ndf3 Qe8 15. Rfd1 Qh5 16. Ba3 Rfd8 17. Rc2 h6 18. Rdc1 g5 19. dxc5 bxc5 20. Bb2 gxf4 21. exf4 d4 22. Re1 Ng4 23. Nxg4 Qxg4 24. Nd2 Qxe2 25. Rxe2 Nxd2 26. Rcxd2 Bxf4 27. Rd1 Be3+ 28. Kf1 e5 29. Bxf5 Rf8 30. g4 Rce8 31. Rxe3 dxe3 32. Rd6 Bc8 33. Rg6+ Kh7 34. Re6+ Rxf5+ 35. gxf5 Bxe6 36. fxe6 Rxe6 37. Ke2 Kg6 38. Ba3 Rc6 39. Kxe3 Kf5 0-1

[Event "Mittelfranken-chTB2a 1516"]
[Site "Mittelfranken"]
[Date "2016.04.03"]
[Round "8.2"]
[White "Koerber, Thomas"]
[Black "Krasnikov, Paul"]
[Result "1/2-1/2"]
[WhiteElo "1712"]
[BlackElo "1885"]
[PlyCount "39"]
[EventDate "2015.10.18"]
[EventType "team-tourn"]
[EventRounds "9"]
[EventCountry "GER"]
[SourceTitle "EXT 2020"]
[Source "ChessBase"]
[SourceDate "2019.10.17"]
[SourceVersion "1"]
[SourceVersionDate "2019.10.17"]
[SourceQuality "1"]
[WhiteTeam "Nuernberg Sued SW IV"]
[BlackTeam "Zirndorf II"]
[WhiteTeamCountry "GER"]
[BlackTeamCountry "GER"]

1. e4 c6 2. d3 d5 3. Nd2 dxe4 4. dxe4 Nf6 5. Ngf3 Bg4 6. h3 Bxf3 7. Qxf3 e6 8. Nb3 Be7 9. Bd3 Nbd7 10. Bf4 e5 11. Be3 Qc7 12. a4 c5 13. Nd2 0-0 14. 0-0 Ne8 15. Nc4 Nd6 16. Qe2 Rad8 17. Rfd1 Qc6 18. f3 Nb6 19. b3 Bf6 20. Nxd6 1/2-1/2

[Event "Mittelfranken-chTB2a 1516"]
[Site "Mittelfranken"]
[Date "2016.01.24"]
[Round "5.2"]
[White "Koerber, Thomas"]
[Black "Muenster, Erich"]
[Result "1/2-1/2"]
[WhiteElo "1712"]
[BlackElo "1964"]
[PlyCount "40"]
[EventDate "2015.10.18"]
[EventType "team-tourn"]
[EventRounds "9"]
[EventCountry "GER"]
[SourceTitle "EXT 2020"]
[Source "ChessBase"]
[SourceDate "2019.10.17"]
[SourceVersion "1"]
[SourceVersionDate "2019.10.17"]
[SourceQuality "1"]
[WhiteTeam "Nuernberg Sued SW IV"]
[BlackTeam "Heilsbronn"]
[WhiteTeamCountry "GER"]
[BlackTeamCountry "GER"]

1. c4 e5 2. g3 Nc6 3. Bg2 Nf6 4. Nc3 Bb4 5. Nd5 0-0 6. Nxb4 Nxb4 7. a3 Nc6 8. e4 d6 9. Ne2 Be6 10. d3 Qd7 11. 0-0 Bh3 12. Bd2 Bxg2 13. Kxg2 h6 14. f4 Kh7 15. h3 Ng8 16. f5 f6 17. Be3 Rfe8 18. Qd2 a5 19. b4 Nce7 20. b5 c6 1/2-1/2

[Event "Mittelfranken-chTB2a 1516"]
[Site "Mittelfranken"]
[Date "2015.11.08"]
[Round "2.3"]
[White "Koerber, Thomas"]
[Black "Kotitschke, Karlheinz"]
[Result "1/2-1/2"]
[WhiteElo "1712"]
[BlackElo "1791"]
[PlyCount "36"]
[EventDate "2015.10.18"]
[EventType "team-tourn"]
[EventRounds "9"]
[EventCountry "GER"]
[SourceTitle "EXT 2020"]
[Source "ChessBase"]
[SourceDate "2019.10.17"]
[SourceVersion "1"]
[SourceVersionDate "2019.10.17"]
[SourceQuality "1"]
[WhiteTeam "Nuernberg Sued SW IV"]
[BlackTeam "Rothenburg II"]
[WhiteTeamCountry "GER"]
[BlackTeamCountry "GER"]

1. Nf3 e6 2. d4 b6 3. g3 Bb7 4. Bg2 f5 5. c4 Nf6 6. Nc3 Bb4 7. Bd2 0-0 8. 0-0 d6 9. a3 Bxc3 10. Bxc3 Nbd7 11. Nd2 Bxg2 12. Kxg2 Qe8 13. Qc2 d5 14. Nf3 Ne4 15. Bd2 Nxd2 16. Qxd2 dxc4 17. Qb4 Nf6 18. Qxc4 Nd5 1/2-1/2

[Event "Mittelfranken-chTB2a 1415"]
[Site "Mittelfranken"]
[Date "2015.02.08"]
[Round "6.7"]
[White "Koerber, Thomas"]
[Black "Martin, Hans"]
[Result "1-0"]
[WhiteElo "1712"]
[BlackElo "1778"]
[PlyCount "45"]
[EventDate "2014.09.28"]
[EventType "team-tourn"]
[EventRounds "9"]
[EventCountry "GER"]
[SourceTitle "EXT 2020"]
[Source "ChessBase"]
[SourceDate "2019.10.17"]
[SourceVersion "1"]
[SourceVersionDate "2019.10.17"]
[SourceQuality "1"]
[WhiteTeam "Nuernberg Sued SW IV"]
[BlackTeam "Buechenbach/Roth II"]
[WhiteTeamCountry "GER"]
[BlackTeamCountry "GER"]

1. Nf3 Nf6 2. d4 e6 3. e3 d5 4. Bd3 b6 5. 0-0 c5 6. b3 Be7 7. Bb2 0-0 8. Nbd2 Nbd7 9. Ne5 Qc7 10. f4 Bb7 11. Qe2 Rfe8 12. Rac1 a6 13. c4 Qd8 14. Rfd1 Bf8 15. Ndf3 Ne4 16. Nxd7 Qxd7 17. dxc5 Qc7 18. cxb6 Qxb6 19. Bd4 Bc5 20. Bxc5 Qxc5 21. cxd5 Qxd5 22. Rc4 Qf5 23. Ng5 1-0

[Event "Mittelfranken-chTB2a 1415"]
[Site "Mittelfranken"]
[Date "2014.11.16"]
[Round "3.6"]
[White "Dosche, Clemens"]
[Black "Koerber, Thomas"]
[Result "0-1"]
[WhiteElo "1591"]
[BlackElo "1712"]
[PlyCount "58"]
[EventDate "2014.09.28"]
[EventType "team-tourn"]
[EventRounds "9"]
[EventCountry "GER"]
[SourceTitle "EXT 2020"]
[Source "ChessBase"]
[SourceDate "2019.10.17"]
[SourceVersion "1"]
[SourceVersionDate "2019.10.17"]
[SourceQuality "1"]
[WhiteTeam "Nuernberg NT V"]
[BlackTeam "Nuernberg Sued SW IV"]
[WhiteTeamCountry "GER"]
[BlackTeamCountry "GER"]

1. d4 c5 2. c4 cxd4 3. Qxd4 Nc6 4. Qd1 g6 5. Nc3 Bg7 6. Bd2 Nf6 7. e3 0-0 8. Nf3 d5 9. cxd5 Nxd5 10. Rc1 Ndb4 11. a3 Nd3+ 12. Bxd3 Qxd3 13. Qe2 Qxe2+ 14. Kxe2 Be6 15. Rhd1 Bc4+ 16. Ke1 Bb3 17. h3 Rfd8 18. Ke2 Bxd1+ 19. Rxd1 a6 20. b4 Rac8 21. Na4 b5 22. Nc5 Nb8 23. a4 bxa4 24. Nxa4 Rd6 25. Nc5 Nd7 26. Ne4 Rb6 27. Kd3 f5 28. Nc3 Rd6+ 29. Nd4 e5 0-1

[Event "Mittelfranken-chTB2a 1213"]
[Site "Germany"]
[Date "2013.04.21"]
[Round "9.3"]
[White "Koerber, Thomas"]
[Black "Wittmann, Paul"]
[Result "1/2-1/2"]
[WhiteElo "1947"]
[BlackElo "2129"]
[PlyCount "43"]
[EventDate "2012.10.07"]
[EventType "team-tourn"]
[EventRounds "9"]
[EventCountry "GER"]
[SourceTitle "EXT 2019"]
[Source "ChessBase"]
[SourceDate "2018.10.10"]
[SourceVersion "1"]
[SourceVersionDate "2018.10.10"]
[SourceQuality "1"]
[WhiteTeam "Fuerth SF II"]
[BlackTeam "Nuernberg Zabo"]
[WhiteTeamCountry "GER"]
[BlackTeamCountry "GER"]

1. Nf3 d5 2. g3 Nf6 3. Bg2 e6 4. d3 Be7 5. Nbd2 0-0 6. 0-0 b6 7. e4 Bb7 8. e5 Nfd7 9. Re1 c5 10. Nf1 Nc6 11. h4 Qc7 12. Bf4 Nd4 13. N1h2 Nxf3+ 14. Nxf3 d4 15. a4 Rac8 16. b3 Rfd8 17. Qe2 a6 18. Ra2 Nb8 19. Raa1 Nc6 20. Ng5 Bxg5 21. Bxg5 Ne7 22. Bxb7 1/2-1/2

[Event "Mittelfranken-chTB2a 1213"]
[Site "Germany"]
[Date "2012.11.18"]
[Round "3.2"]
[White "Koerber, Thomas"]
[Black "Planner, Joerg"]
[Result "1/2-1/2"]
[WhiteElo "1947"]
[BlackElo "1847"]
[PlyCount "38"]
[EventDate "2012.10.07"]
[EventType "team-tourn"]
[EventRounds "9"]
[EventCountry "GER"]
[SourceTitle "EXT 2019"]
[Source "ChessBase"]
[SourceDate "2018.10.10"]
[SourceVersion "1"]
[SourceVersionDate "2018.10.10"]
[SourceQuality "1"]
[WhiteTeam "Fuerth SF II"]
[BlackTeam "Heilsbronn"]
[WhiteTeamCountry "GER"]
[BlackTeamCountry "GER"]

1. Nf3 d5 2. d4 Nf6 3. e3 e6 4. Bd3 Be7 5. 0-0 0-0 6. b3 b6 7. Bb2 Bb7 8. Nbd2 Nbd7 9. Qe2 Ne4 10. Rfd1 f5 11. c4 Bd6 12. Ne5 Qe7 13. f4 Nxe5 14. dxe5 Bb4 15. Bxe4 dxe4 16. a3 Bxd2 17. Rxd2 Rfd8 18. Rad1 Bc6 19. Rd4 Rxd4 1/2-1/2

[Event "Thueringer Wald Schach-Cup 14th"]
[Site "Gotha"]
[Date "2012.11.11"]
[Round "7"]
[White "Koerber, Thomas"]
[Black "Horatschek, Peter"]
[Result "1/2-1/2"]
[WhiteElo "1939"]
[BlackElo "1850"]
[PlyCount "20"]
[EventDate "2012.11.07"]
[EventType "swiss"]
[EventRounds "7"]
[EventCountry "GER"]
[SourceTitle "EXT 2013"]
[Source "ChessBase"]
[SourceDate "2012.11.22"]
[SourceVersion "1"]
[SourceVersionDate "2012.11.22"]
[SourceQuality "1"]

1. Nf3 d5 2. d4 Nf6 3. e3 c6 4. c4 Bf5 5. Nc3 h6 6. Bd3 Bxd3 7. Qxd3 e6 8. 0-0 Be7 9. e4 dxe4 10. Nxe4 Nbd7 1/2-1/2

[Event "Mittelfranken-chTB2a 1112"]
[Site "Germany"]
[Date "2011.12.11"]
[Round "4.3"]
[White "Koerber, Thomas"]
[Black "Pikal, Alexander"]
[Result "0-1"]
[WhiteElo "1822"]
[BlackElo "1854"]
[PlyCount "108"]
[EventDate "2011.09.25"]
[EventType "team-tourn"]
[EventRounds "9"]
[EventCountry "GER"]
[SourceTitle "EXT 2013"]
[Source "ChessBase"]
[SourceDate "2012.11.22"]
[SourceVersion "1"]
[SourceVersionDate "2012.11.22"]
[SourceQuality "1"]
[WhiteTeam "Fuerth II"]
[BlackTeam "Ansbach"]
[WhiteTeamCountry "GER"]
[BlackTeamCountry "GER"]

1. Nf3 d5 2. d4 Nf6 3. e3 g6 4. Bd3 Bg7 5. 0-0 Nbd7 6. b3 0-0 7. Bb2 c5 8. Nbd2 Qb6 9. c4 e6 10. Rc1 Re8 11. Qc2 cxd4 12. c5 Qa5 13. exd4 Nh5 14. Rfe1 Nf4 15. Bf1 Nb8 16. a3 Bd7 17. b4 Qc7 18. b5 Rc8 19. Ne5 Be8 20. Ndf3 Nd7 21. g3 Nh5 22. Qd2 Ndf6 23. Rc2 Ne4 24. Qd3 Qa5 25. Ra1 Rc7 26. a4 Rac8 27. Bh3 f5 28. Bc3 Nxc3 29. Qxc3 Qxc3 30. Rxc3 Nf6 31. Bf1 Ne4 32. Rc2 g5 33. Nd3 h5 34. Nfe5 g4 35. Bg2 Ng5 36. Re1 Ne4 37. f3 Ng5 38. Rb2 Re7 39. Rbe2 a6 40. Rb2 axb5 41. axb5 Ra8 42. Reb1 Rc7 43. Kf2 gxf3 44. Bxf3 Ra3 45. Bg2 Rxd3 46. Nxd3 Bxd4+ 47. Ke2 Bxb2 48. Rxb2 Ne4 49. b6 Rc8 50. Ke3 Kf7 51. Kd4 Kf6 52. Ra2 Nxc5 53. Nxc5 e5+ 54. Kxd5 Bf7+ 0-1

[Event "Forchheim op 10th"]
[Site "Forchheim"]
[Date "2011.10.09"]
[Round "4"]
[White "Koerber, Thomas"]
[Black "Nigmatulin, Anatolij"]
[Result "1/2-1/2"]
[WhiteElo "1951"]
[BlackElo "1983"]
[PlyCount "43"]
[EventDate "2011.10.07"]
[EventType "swiss"]
[EventRounds "5"]
[EventCountry "GER"]
[SourceTitle "CBM 144 Extra"]
[Source "ChessBase"]
[SourceDate "2011.10.28"]
[SourceVersion "1"]
[SourceVersionDate "2011.10.28"]
[SourceQuality "1"]

1. Nf3 Nf6 2. d4 g6 3. c4 Bg7 4. g3 0-0 5. Bg2 d6 6. 0-0 Nc6 7. Nc3 a6 8. d5 Na5 9. Nd2 c5 10. Qc2 Rb8 11. b3 b5 12. Bb2 bxc4 13. bxc4 e5 14. Rab1 Bh6 15. e3 Bf5 16. Nce4 Nxe4 17. Nxe4 Rb4 18. Bc3 Rxb1 19. Rxb1 Nxc4 20. Qa4 Nb6 21. Qc6 Nc8 22. Rb8 1/2-1/2

[Event "Forchheim op 10th"]
[Site "Forchheim"]
[Date "2011.10.09"]
[Round "5"]
[White "Koerber, Thomas"]
[Black "Nussbaumer, Johann"]
[Result "1/2-1/2"]
[WhiteElo "1951"]
[BlackElo "2050"]
[PlyCount "29"]
[EventDate "2011.10.07"]
[EventType "swiss"]
[EventRounds "5"]
[EventCountry "GER"]
[SourceTitle "CBM 144 Extra"]
[Source "ChessBase"]
[SourceDate "2011.10.28"]
[SourceVersion "1"]
[SourceVersionDate "2011.10.28"]
[SourceQuality "1"]

1. Nf3 d5 2. d4 c6 3. e3 Bg4 4. c4 e6 5. Qb3 Qb6 6. c5 Qxb3 7. axb3 Bxf3 8. gxf3 e5 9. b4 exd4 10. exd4 g6 11. Nc3 Bg7 12. Be3 Nh6 13. Bd3 f5 14. Ne2 0-0 15. Kd2 1/2-1/2

[Event "Stuttgart-chA int"]
[Site "Gerlingen"]
[Date "2011.06.04"]
[Round "6"]
[White "Koerber, Thomas"]
[Black "Mayer, Christian"]
[Result "1/2-1/2"]
[WhiteElo "1961"]
[BlackElo "1851"]
[PlyCount "61"]
[EventDate "2011.06.02"]
[EventType "swiss"]
[EventRounds "7"]
[EventCountry "GER"]
[SourceTitle "EXT 2018"]
[Source "ChessBase"]
[SourceDate "2017.10.13"]
[SourceVersion "1"]
[SourceVersionDate "2017.10.13"]
[SourceQuality "1"]

1. Nf3 Nf6 2. g3 d5 3. Bg2 Nbd7 4. d3 e5 5. Nbd2 c6 6. e4 Bd6 7. 0-0 0-0 8. c3 Nc5 9. Qc2 Re8 10. b4 Ne6 11. a3 a5 12. Bb2 dxe4 13. dxe4 axb4 14. axb4 Rxa1 15. Rxa1 Nf8 16. Rd1 Qe7 17. Nc4 Bc7 18. Bc1 N8d7 19. Be3 Qe6 20. Ncd2 h6 21. h3 Nb6 22. Bf1 Nbd7 23. Kh2 Nf8 24. Nh4 Rd8 25. Nhf3 b6 26. Ra1 N8d7 27. Bc4 Qe7 28. Nh4 c5 29. b5 Bb8 30. Nf5 Qe8 31. Qb3 1/2-1/2

[Event "Stuttgart-chA int"]
[Site "Gerlingen"]
[Date "2011.06.02"]
[Round "1"]
[White "Aring, Gerd"]
[Black "Koerber, Thomas"]
[Result "1-0"]
[WhiteElo "2205"]
[BlackElo "1961"]
[PlyCount "71"]
[EventDate "2011.06.02"]
[EventType "swiss"]
[EventRounds "7"]
[EventCountry "GER"]
[SourceTitle "EXT 2018"]
[Source "ChessBase"]
[SourceDate "2017.10.13"]
[SourceVersion "1"]
[SourceVersionDate "2017.10.13"]
[SourceQuality "1"]

1. d4 f5 2. g3 Nf6 3. Bg2 g6 4. Nf3 Bg7 5. 0-0 0-0 6. c4 d6 7. Nc3 Nc6 8. b3 e5 9. dxe5 dxe5 10. Ba3 Re8 11. Nb5 Bd7 12. Ng5 e4 13. Bb2 a6 14. Bxf6 Bxf6 15. Qd5+ Be6 16. Nxe6 Qxd5 17. cxd5 axb5 18. Nxc7 Bxa1 19. dxc6 Be5 20. Nxe8 Rxe8 21. cxb7 Rb8 22. f3 Rxb7 23. fxe4 fxe4 24. Bxe4 Ra7 25. Rd1 Rxa2 26. Rd5 Bc3 27. Bd3 b4 28. Rd7 Ra5 29. Bc4+ Kh8 30. Kg2 Re5 31. Rb7 Bd2 32. Bd3 Bc3 33. Rd7 Re3 34. Kf2 Re5 35. h4 Bd4+ 36. Rxd4 1-0